=LDR 00000nam 2200000 4500 =001 INLIS000000000039384 =005 20140430150046.0 =006 =007 =008 ind =035 ##$$0010-061300000039384 =041 ##$$a ind =082 ##$$a 633.183 =090 ##$$a 633.183, aND B.1 =100 ##$$a ANDOKO, Agus =245 ##$$a Budi daya padi secara organik, Drs. Agus Andoko =260 ##$$a 2010 $b Jakarta =300 ##$$a 92 Hlm, ilus, 20,5 cm =650 ##$$a PADI- BUDIDAYA =850 ##$$a NBPNMAT =990 ##$$a 21195657/BPAP-NTB/2014 =990 ##$$a 21400613/BPAP-NTB/20142014 =990 ##$$a 0001/BPAP-NTB/2016